00934nam a22002297a 45000010005000000030006000050050017000110080041000280200018000690400029000870500009001160820010001251000014001352450024001492600049001733000047002225050007002695200336002765210027006125210018006396500047006577659FISKH20250730143249.0250730b cb ||||| |||| 00| 0 eng d a9789833486465 aFISKHbengcFISKHdFISKH aPZ7  a823.5 aAnonymous aGulliver's travel / aSelangor Darul Ehsan : bFuture ACE, c2005. a16 pages : bcolor illustrations ; c26 cm aG  aThis is a simplified, child-friendly adaptation of Jonathan Swift’s famous satirical novel. The story presents Gulliver’s voyages to imaginative lands such as tiny Lilliputians and giant Brobdingnagians. With vivid illustrations and straightforward language, it makes a classic tale accessible and engaging for young readers. 8 a380 bLexile estimate 8 aG bRaz-Plus  aAdventure vClassic literature xFantasy